|
|
|
|
| LEADER |
00000nab a2200000 a 4500 |
| 001 |
vtls000547645 |
| 003 |
SK-MaSNL |
| 005 |
20260304093200.0 |
| 008 |
250425c1995 xo 0 slo |
| 015 |
|
|
|a SNBRB19rr/mm-uuuuu
|
| 035 |
|
|
|a CL0547783
|
| 035 |
|
|
|a urn:nbn:sk:snk-ab6lkj
|
| 035 |
|
|
|a (uuid)74c7629f-a23f-4a69-9787-0ee8b135ff49
|
| 035 |
|
|
|a (urnnbn)urn:nbn:sk:snk:ar-005ghv
|
| 035 |
|
|
|a (sysno)vtls000547645
|
| 040 |
|
|
|a SNKBUCL
|b slo
|c SNKBUCL
|e AACR2
|
| 041 |
0 |
|
|a slo
|b eng
|b slo
|
| 044 |
|
|
|a xo
|c SK
|
| 080 |
|
|
|a 616.24-033.2
|2 1981
|
| 100 |
1 |
|
|a Čársky, Stanislav,
|d 1942-1999
|4 aut
|9 17346
|
| 245 |
1 |
0 |
|a Recidivujúce pľúcne metastázy
|c Stanislav Čársky, Milan Schnorrer ml., Dalibor Ondruš
|
| 300 |
|
|
|b Obr. 1, tab
|
| 504 |
|
|
|a Bibliogr. odkazy
|
| 546 |
|
|
|a Res. angl., slov.
|
| 650 |
0 |
7 |
|a pľúcne metastázy
|2 snkbucl
|9 1195846
|
| 650 |
0 |
7 |
|a retorakotómia
|2 snkbucl
|9 991323
|
| 655 |
|
7 |
|a články z novín a časopisov
|2 snkbucl
|9 267496
|
| 700 |
1 |
|
|a Schnorrer, Milan,
|d 1957-
|4 aut
|9 213996
|
| 700 |
1 |
|
|a Ondruš, Dalibor,
|d 1953-
|4 aut
|9 102851
|
| 773 |
0 |
|
|t Lekársky obzor
|g Roč. 44, č. 2 (1995), s. 37-39
|x 0457-4214
|
| 850 |
|
|
|a Slovenská národná knižnica
|
| 852 |
|
|
|a Slovenská národná knižnica
|
| 954 |
|
|
|a odborná, vedecká literatúra pôvodná (slovenská)
|2 lita
|
| 958 |
|
|
|a article2022
|
| 958 |
|
|
|a OND
|
| 958 |
|
|
|a NB
|
| 958 |
|
|
|a RK
|
| 958 |
|
|
|a MI
|
| 958 |
|
|
|a EUIPO
|
| 992 |
|
|
|a RBX
|
| 999 |
|
|
|c 2821998
|d 2823928
|